Experiencia de mujeres migrantes que trabajan en bares de la frontera Chiapas-Guatemala /
Se presenta una exploración de la experiencia migratoria de las mujeres centroamericanas que laboran en bares en la frontera sur de México, entre Chiapas y Guatemala, desde el momento en que toman la decisión de migrar, hasta el momento en que han cruzado la frontera y se encuentran trabajando en es...
محفوظ في:
| المؤلف الرئيسي: | |
|---|---|
| التنسيق: | نص |
| الموضوعات: | |
| الوسوم: |
إضافة وسم
لا توجد وسوم, كن أول من يضع وسما على هذه التسجيلة!
|
MARC
| LEADER | 00000 a a2200000 04500 | ||
|---|---|---|---|
| 001 | 40570 | ||
| 003 | |||
| 040 | |||
| 100 | |a Fernández-Casanueva, Carmen | ||
| 245 | |a Experiencia de mujeres migrantes que trabajan en bares de la frontera Chiapas-Guatemala / |c Carmen Fernández-Casanueva | ||
| 500 | |a cfernandez@ecosur.mx | ||
| 520 | |a Se presenta una exploración de la experiencia migratoria de las mujeres centroamericanas que laboran en bares en la frontera sur de México, entre Chiapas y Guatemala, desde el momento en que toman la decisión de migrar, hasta el momento en que han cruzado la frontera y se encuentran trabajando en ese sector. Se busca comprender la relación dinámica que estas mujeres tienen con su contexto, y también el rol de las redes sociales durante el proceso. | ||
| 590 | |a EFU/MARZO2012 | ||
| 650 | |a MUJERES | ||
| 650 | |a MIGRANTES | ||
| 650 | |a MEXICO | ||
| 650 | |a GUATEMALA | ||
| 650 | |a ESTUDIOS DE CASOS | ||
| 650 | |a EXPLOTACION LABORAL | ||
| 650 | |a 7.REDES SOCIALES | ||
| 773 | |g volumen15, número59 (2009), páginas 173-192 | ||
| 999 | |c 23492 |d 23492 | ||
